| 000 | 00427nam a2200157Ia 4500 | ||
|---|---|---|---|
| 005 | 20250415094052.0 | ||
| 008 | 231217s9999 xx 000 0 und d | ||
| 020 | _a9788131503256 | ||
| 082 | _a001.6424UNI FOR;1 | ||
| 100 | _aForouzan, Bechrouz AGilberg, Richard | ||
| 245 | 0 | _aUnix and shell programming : a textbook | |
| 260 |
_c2003 _aThomson |
||
| 300 | _axix+875 | ||
| 650 | _aUnix,shell,programming,: | ||
| 942 | _cAA | ||
| 999 |
_c179780 _d179780 |
||